000 00344nam a22001457a 4500
008 190129b xxu||||| |||| 00| 0 eng d
020 _a9780073314976
041 _aeng
080 _a338
082 _24 th
_a338
100 _a53 MENAXHMENT
101 _aMEN
245 _aFundamentals of Investments
_cJordan D.Bradford
942 _2udc
_cBK
999 _c53871
_d53871